[Event "New Delhi Parsvnath op 9th"]
[Site "New Delhi"]
[Date "2011.01.09"]
[Round "3"]
[White "Sidhant, Mohapatra"]
[Black "Jethi, Shival"]
[Result "1-0"]
[WhiteElo "2157"]
[BlackElo "1987"]
[PlyCount "46"]
[EventDate "2011.01.08"]
[EventType "swiss"]
[EventRounds "11"]
[EventCountry "IND"]
[SourceTitle "CBM 140 Extra"]
[Source "ChessBase"]
[SourceDate "2011.03.01"]
[SourceVersion "1"]
[SourceVersionDate "2011.03.01"]
[SourceQuality "1"]

1. d4 Nf6 2. Nc3 d5 3. Bg5 g6 4. f3 Nc6 5. e4 dxe4 6. d5 Ne5 7. fxe4 Bg7 8. Nf3 Nfd7 9. Qd2 h6 10. Bf4 g5 11. Be3 Nxf3+ 12. gxf3 Ne5 13. Be2 c6 14. 0-0-0 Qa5 15. h4 g4 16. fxg4 Bxg4 17. Bxg4 Nxg4 18. Bd4 Bxd4 19. Qxd4 0-0-0 20. Rhg1 Rhg8 21. e5 h5 22. Kb1 Qb6 23. Qf4 cxd5 1-0